000 00692nam a2200277Ia 4500
005 20260324142635.0
008 008 260324s9999 xx 000 0 eng d
020 _a9780138746872
037 _aEBOOK
040 _aCRL
040 _beng
040 _cCRL
041 _2eng
041 _aeng
084 _qCRL
100 _aP. P. J. van den Bosch; A. C. van der Klauw
_91212708
245 0 _aModeling, Identification and Simulation of Dynamical Systems
260 _bTaylor and Francis
260 _c1994
365 _a
365 _b465
856 _uhttp://www.taylorfrancis.com/books/9780138746872
942 _cEBOOK
999 _c1817113
_d1817113